Astronomy ; a textbook.

Bibliographic Details
Main Author: Duncan, John Charles, 1882-1967
Format: Book
Language:English
Published: New York, London : Harper, [1946]
Edition:4th ed.
Subjects:

MARC

Tag First Indicator Second Indicator Subfields
LEADER 00000cam a2200000 4500
001 in00000039697
005 20151007064527.0
008 750325s1946 nyu b 00000 eng u
010 |a  46004305  
035 |a (OCoLC)01236771 
035 |9 AAE0034AM 
040 |c YNG  |d TXA  |d UtOrBLW 
049 |a TXAM  |c [195769] 
050 0 0 |a QB45  |b .D8 1946 
082 0 |a 520 
092 |a 520  |b D911a4 
100 1 |a Duncan, John Charles,  |d 1882-1967. 
245 1 0 |a Astronomy ;  |b a textbook. 
250 |a 4th ed.  |b By John Charles Duncan ... 
264 1 |a New York,  |a London :  |b Harper,  |c [1946] 
300 |a 500 pages :  |b including frontispiece, illustrations, diagrams color plate, charts. ;  |c 24 cm. 
336 |a text  |b txt  |2 rdacontent 
337 |a unmediated  |b n  |2 rdamedia 
338 |a volume  |b nc  |2 rdacarrier 
500 |a "The first edition appeared in 1926." 
504 |a Includes bibliographical references. 
650 0 |a Astronomy. 
999 |a MARS 
999 f f |s 739bd642-84c7-3707-9ad9-fffd25171835  |i fd580c9e-f9b3-39b9-a345-22ef6343f431  |t 0 
952 f f |p ric  |a Texas A&M University  |b Rellis Campus  |c Joint Library Facility  |d Remote Storage  |t 0  |e QB45 .D8 1946  |h Library of Congress classification  |i unmediated -- volume  |m A14800897933 
998 f f |a QB45 .D8 1946  |t 0  |l Remote Storage